000 00358nam a2200145Ia 4500
005 20240821160100.0
008 240821s9999||||xx |||||||||||||| ||und||
082 _a508 PAR
100 _aParker, Bertha Morris
245 0 _aDomesticated animals
260 _aEvanston
_bRow Peterson and Company
_c1959
300 _a35p
650 _aScience
942 _cBK
999 _c146801
_d146801